Role/relevance of generalist bureaucracy in a specialised environment: a case study of ministry of defence (Record no. 492913)

000 -LEADER
fixed length control field 00494cam a22001337a 4500
008 - FIXED-LENGTH DATA ELEMENTS--GENERAL INFORMATION
fixed length control field 180718b2004 xxu||||| |||| 00| 0 eng d
082 ## - DEWEY DECIMAL CLASSIFICATION NUMBER
Classification number APPPA 2003-04 PRA/33
100 ## - MAIN ENTRY--PERSONAL NAME
Personal name Prasad, Divya
245 ## - TITLE STATEMENT
Title Role/relevance of generalist bureaucracy in a specialised environment: a case study of ministry of defence
Statement of responsibility, etc. by Divya Prasad
260 ## - PUBLICATION, DISTRIBUTION, ETC.
Place of publication, distribution, etc. New Delhi
Name of publisher, distributor, etc. Indian Institute of Public Administration
Date of publication, distribution, etc. 2004
300 ## - PHYSICAL DESCRIPTION
Extent 79p.
650 ## - SUBJECT ADDED ENTRY--TOPICAL TERM
Topical term or geographic name entry element Public Administration - India
650 ## - SUBJECT ADDED ENTRY--TOPICAL TERM
Topical term or geographic name entry element Bureaucracy - India
Holdings
Withdrawn status Lost status Damaged status Not for loan Permanent Location Current Location Date acquired Full call number Barcode Date last seen Price effective from Koha item type
        Indian Institute of Public Administration Indian Institute of Public Administration 2018-08-04 APPPA 2003-04 PRA/33 GR17015 2018-08-04 2018-08-04 GR

Powered by Koha